000 00338 a2200157 4500
001 185652
020 _a
040 _cMagnum
100 _aWilson, Colin
240 1 0 _aA gaiola de vidro
_lpor
245 1 0 _aA gaiola de vidro
300 _a263
440 1 _aCĂ­rculo do Livro
697 _aLITERATURA GERAL ESTRANGEIRA
942 _cBK
999 _c185652
_d185652